00479 2200181 4500001002100000005001500021035002000036245005400056100002000110300003300130260003600163082001000199084001600209020001800225600002000243990001700263990001700280INLIS00000000000066720250108021856 a0010-01250000261 aTeknik Menyusun Pidato/Sambutan /cMaman Sumantri0 aSumantri, Maman a49 hlm :bilus ;c14 X 21 cm aJakarta :bBalai Pustaka,c2004 a808.5 a808.5 SUM t a979-407-338-5 4aPidato-Sambutan a1641/PP/2023 a1642/PP/2023